00506nam a22001697a 450000500170000000800410001702000180005802200150007604100130009108200130010410000410011724500570015825000200021526000450023530000310028065000250031120231205085518.0231205b |||||||| |||| 00| 0 eng d a9780409075397 a0409004480 aEnglish  a349 JOU  aJoubert, WA and Faris, JA lEnglish  aThe Law of South Africa / cWA Joubert and JA Faris  aSecond Edition  aDurban : bLexisNexis (Pty) Ltd, c2009  bvii, 343 pages ; c26 cm.  aLegal practice bLaw